| 000 | 01540nam a2200229Ia 4500 | ||
|---|---|---|---|
| 003 | Ost | ||
| 005 | 20260507075129.0 | ||
| 008 | 260507s9999||||xx |||||||||||||| ||und|| | ||
| 020 | _a7378241977 | ||
| 040 | _cfsecg | ||
| 041 | _aara | ||
| 082 | _a330 | ||
| 100 |
_aعتلم، حازم محمد _eمؤلف |
||
| 245 | 0 |
_aالتعاون الإقتصادي لأغراض الإنماء في ضوء الحوار العربي- الاروبي : _bدراسة في القانون الدولي للإنماء / _c حازم محمد عتلم |
|
| 250 | _aطبعة 3 | ||
| 260 |
_aالقاهرة: _bدار النهضة العربية, _c2006 |
||
| 300 |
_a253 صفحة؛ _bإيضاحات ؛ _c24 سم |
||
| 520 | _aمبدأ الإزدواج القاعدي في حق دول المشرق والمغرب العربي في ضوء إتفاق التعاون الإقتصادي المبرم بين الجماعة الإقتصادية الأوروبية وجمهورية مصر العربية- مبدأ حرية التجارة في ضوء اتفاق التعاون الإقتصادي المبرم بين الجماعة الإقتصادية الأرووبية ومجلس التعاون الإقتصادي المبرم بين الجماعة الغقتصادية الاوروبية ومجلس التعاون الخليجي- مبدأ حرية التجارة في ضوء اتفاق المشاركة المصري والأوروبي. | ||
| 653 | _aالتعاون الإقتصادي | ||
| 653 | _aالحوار العربي- الأوربي | ||
| 942 | _cكتاب | ||
| 999 |
_c43200 _d43200 |
||